[Event "A.Arkanov Memorial"]
[Site "Gorno-Altaisk"]
[Date "2017.11.01"]
[Round "11.10"]
[White "Maimanov, Arnat"]
[Black "Novikova, Anna"]
[Result "1-0"]
[BlackElo "2249"]
[WhiteElo "1989"]
[LiveChessVersion "1.4.8"]

1. e4 {[%clk 0:15:18]} c5 {[%clk 0:15:19]} 2. Nf3 {[%clk 0:15:25]} e6
{[%clk 0:15:28]} 3. d4 {[%clk 0:15:33]} cxd4 {[%clk 0:15:37]} 4. Nxd4
{[%clk 0:15:42]} Nf6 {[%clk 0:15:19]} 5. Bd3 {[%clk 0:15:39]} Nc6
{[%clk 0:15:21]} 6. Nxc6 {[%clk 0:15:37]} bxc6 {[%clk 0:15:29]} 7. O-O
{[%clk 0:15:19]} d5 {[%clk 0:15:22]} 8. Qe2 {[%clk 0:15:03]} Be7 {[%clk 0:14:52]}
9. c4 {[%clk 0:14:48]} O-O {[%clk 0:13:34]} 10. e5 {[%clk 0:14:06]} Nd7
{[%clk 0:13:38]} 11. f4 {[%clk 0:13:32]} f5 {[%clk 0:12:22]} 12. exf6
{[%clk 0:12:58]} Nxf6 {[%clk 0:12:29]} 13. Nd2 {[%clk 0:12:18]} Bc5+
{[%clk 0:08:31]} 14. Kh1 {[%clk 0:12:18]} Qe8 {[%clk 0:08:31]} 15. Nf3
{[%clk 0:11:38]} Qh5 {[%clk 0:08:30]} 16. Qe5 {[%clk 0:09:51]} Qxe5
{[%clk 0:07:05]} 17. Nxe5 {[%clk 0:09:56]} Bb7 {[%clk 0:07:13]} 18. Re1
{[%clk 0:08:49]} Rad8 {[%clk 0:06:41]} 19. a3 {[%clk 0:08:27]} Nh5
{[%clk 0:05:21]} 20. g3 {[%clk 0:06:50]} Rfe8 {[%clk 0:02:33]} 21. Be3
{[%clk 0:06:51]} Bxe3 {[%clk 0:02:08]} 22. Rxe3 {[%clk 0:06:58]} c5
{[%clk 0:01:55]} 23. Re2 {[%clk 0:06:26]} Nf6 {[%clk 0:01:45]} 24. Kg1
{[%clk 0:06:21]} Kf8 {[%clk 0:01:34]} 25. Rc1 {[%clk 0:06:21]} Rc8
{[%clk 0:01:35]} 26. Rce1 {[%clk 0:06:07]} Rc7 {[%clk 0:01:19]} 27. Rc2
{[%clk 0:04:36]} a5 {[%clk 0:01:19]} 28. Rec1 {[%clk 0:04:33]} d4
{[%clk 0:01:04]} 29. Re2 Rb8 30. g4 {[%clk 0:03:28]} Ne8 {[%clk 0:00:28]} 31.
Bxh7 {[%clk 0:03:18]} g5 {[%clk 0:00:23]} 32. Bd3 {[%clk 0:03:07]} gxf4
{[%clk 0:00:26]} 33. Rf1 {[%clk 0:03:08]} Kg7 {[%clk 0:00:24]} 34. Rxf4
{[%clk 0:03:12]} Nd6 {[%clk 0:00:23]} 35. Ref2 {[%clk 0:03:06]} Ba6
{[%clk 0:00:26]} 36. Rf6 {[%clk 0:02:42]} Re7 {[%clk 0:00:22]} 37. Rg6+
{[%clk 0:02:32]} Kh8 {[%clk 0:00:28]} 38. Rh6+ {[%clk 0:01:51]} Kg8
{[%clk 0:00:36]} 39. Rhf6 Rd8 40. h4 {[%clk 0:01:06]} Bc8 {[%clk 0:00:42]} 41. h5
{[%clk 0:01:14]} Kh8 {[%clk 0:00:39]} 42. Ng6+ {[%clk 0:01:21]} 1-0

[Event "A.Arkanov Memorial"]
[Site "Gorno-Altaisk"]
[Date "2017.11.01"]
[Round "11.11"]
[White "Sapozhnikov, Evgeny"]
[Black "Sazonova, Anastasia"]
[Result "1/2-1/2"]
[BlackElo "2133"]
[WhiteElo "2133"]
[LiveChessVersion "1.4.8"]

1. d4 {[%clk 0:15:18]} d5 {[%clk 0:15:19]} 2. c4 {[%clk 0:15:27]} c6
{[%clk 0:15:27]} 3. Nc3 {[%clk 0:15:36]} Nf6 {[%clk 0:15:35]} 4. Nf3
{[%clk 0:15:44]} dxc4 {[%clk 0:15:39]} 5. a4 {[%clk 0:15:51]} Bf5
{[%clk 0:15:46]} 6. Nh4 {[%clk 0:15:26]} Bg4 {[%clk 0:15:06]} 7. h3
{[%clk 0:15:32]} Bh5 {[%clk 0:15:07]} 8. g4 {[%clk 0:15:31]} Bg6 {[%clk 0:15:15]}
9. Bg2 {[%clk 0:15:27]} e6 {[%clk 0:14:58]} 10. Nxg6 {[%clk 0:15:23]} hxg6
{[%clk 0:15:06]} 11. O-O {[%clk 0:15:26]} Nbd7 {[%clk 0:13:00]} 12. f4
{[%clk 0:15:15]} Qc7 {[%clk 0:12:29]} 13. e4 {[%clk 0:15:14]} O-O-O
{[%clk 0:11:58]} 14. Qe2 {[%clk 0:15:10]} Qb6 {[%clk 0:10:16]} 15. Qxc4
{[%clk 0:15:09]} e5 {[%clk 0:09:52]} 16. Be3 {[%clk 0:14:50]} exd4
{[%clk 0:09:41]} 17. Bxd4 {[%clk 0:14:56]} Bc5 {[%clk 0:09:48]} 18. Rfd1
{[%clk 0:13:09]} Bxd4+ {[%clk 0:09:23]} 19. Qxd4 {[%clk 0:13:08]} Qxd4+
{[%clk 0:08:46]} 20. Rxd4 {[%clk 0:13:16]} Nc5 {[%clk 0:08:42]} 21. Rad1
{[%clk 0:13:18]} Rxd4 {[%clk 0:08:41]} 22. Rxd4 {[%clk 0:13:25]} Ne6
{[%clk 0:08:50]} 23. Rc4 {[%clk 0:12:40]} Nxf4 {[%clk 0:05:35]} 24. e5
{[%clk 0:12:45]} Nxg2 {[%clk 0:05:44]} 25. exf6 {[%clk 0:12:15]} Ne3
{[%clk 0:05:47]} 26. Re4 {[%clk 0:12:11]} Nd5 {[%clk 0:05:45]} 27. Nxd5
{[%clk 0:12:15]} cxd5 {[%clk 0:05:54]} 28. fxg7 {[%clk 0:12:21]} Rg8
{[%clk 0:06:03]} 29. Rd4 {[%clk 0:12:23]} Rxg7 {[%clk 0:06:09]} 30. Rxd5
{[%clk 0:12:32]} Rg8 {[%clk 0:06:08]} 31. Re5 {[%clk 0:12:12]} Kd7
{[%clk 0:06:06]} 32. Kg2 {[%clk 0:12:12]} Rc8 {[%clk 0:05:24]} 33. Rb5
{[%clk 0:12:16]} b6 {[%clk 0:05:21]} 34. Kg3 {[%clk 0:12:13]} Rc4
{[%clk 0:05:14]} 35. a5 {[%clk 0:12:02]} Kc6 {[%clk 0:04:47]} 36. axb6
{[%clk 0:11:33]} axb6 {[%clk 0:04:47]} 37. Re5 {[%clk 0:11:38]} Kd6
{[%clk 0:03:34]} 38. Rb5 {[%clk 0:11:46]} Kc6 {[%clk 0:03:40]} 39. Re5
{[%clk 0:11:55]} Kd6 {[%clk 0:03:48]} 40. Re3 {[%clk 0:12:00]} Rb4
{[%clk 0:03:36]} 41. b3 {[%clk 0:12:08]} g5 {[%clk 0:03:34]} 42. h4
{[%clk 0:12:17]} gxh4+ {[%clk 0:03:42]} 43. Kh3 {[%clk 0:12:17]} Rf4
{[%clk 0:03:04]} 44. Rc3 {[%clk 0:11:23]} b5 {[%clk 0:02:53]} 45. Kxh4
{[%clk 0:11:28]} f5 {[%clk 0:02:53]} 46. Kg5 {[%clk 0:11:37]} Rxg4+
{[%clk 0:03:02]} 47. Kxf5 {[%clk 0:11:45]} Rh4 {[%clk 0:02:35]} 48. Kg5
{[%clk 0:11:24]} Rd4 {[%clk 0:02:19]} 49. Kf5 {[%clk 0:11:32]} Kd5
{[%clk 0:01:28]} 50. Rh3 {[%clk 0:11:40]} Kc5 {[%clk 0:01:12]} 51. Ke5
{[%clk 0:11:47]} Rd1 {[%clk 0:01:13]} 52. Ke4 {[%clk 0:11:15]} Kb4
{[%clk 0:01:07]} 53. Rh5 {[%clk 0:10:36]} Rd8 {[%clk 0:00:30]} 54. Rg5
{[%clk 0:10:37]} Rb8 {[%clk 0:00:31]} 55. Rg3 {[%clk 0:10:47]} Rd8
{[%clk 0:00:38]} 56. Rg5 {[%clk 0:10:55]} Rb8 {[%clk 0:00:28]} 57. Rg3
{[%clk 0:11:04]} Rd8 {[%clk 0:00:47]} 58. Rg5 {[%clk 0:11:14]} Rd1
{[%clk 0:00:47]} 59. Rh5 {[%clk 0:11:17]} Rb1 {[%clk 0:00:26]} 60. Kd3
{[%clk 0:11:25]} Rxb3+ {[%clk 0:00:28]} 61. Kc2 {[%clk 0:11:34]} Rc3+
{[%clk 0:00:20]} 62. Kb2 {[%clk 0:11:42]} Rg3 {[%clk 0:00:20]} 63. Rh4+
{[%clk 0:11:49]} Ka5 {[%clk 0:00:27]} 64. Rh2 {[%clk 0:11:59]} Ka4
{[%clk 0:00:31]} 65. Rh4+ {[%clk 0:12:05]} b4 {[%clk 0:00:39]} 66. Rh2
{[%clk 0:12:14]} Rb3+ {[%clk 0:00:41]} 67. Ka2 {[%clk 0:12:19]} Rg3
{[%clk 0:00:37]} 1/2-1/2

[Event "A.Arkanov Memorial"]
[Site "Gorno-Altaisk"]
[Date "2017.11.01"]
[Round "11.12"]
[White "Gaydym, Michail"]
[Black "Maletina, Tatiana"]
[Result "0-1"]
[BlackElo "2253"]
[WhiteElo "2299"]
[LiveChessVersion "1.4.8"]

1. e4 {[%clk 0:15:08]} e6 {[%clk 0:15:19]} 2. d3 {[%clk 0:15:14]} d5
{[%clk 0:15:27]} 3. Nd2 {[%clk 0:15:23]} c5 {[%clk 0:15:30]} 4. g3
{[%clk 0:15:31]} Nf6 {[%clk 0:15:36]} 5. Bg2 {[%clk 0:15:40]} Nc6
{[%clk 0:15:29]} 6. Nh3 {[%clk 0:15:47]} Be7 {[%clk 0:15:29]} 7. Nf4
{[%clk 0:15:54]} d4 {[%clk 0:14:54]} 8. O-O {[%clk 0:15:56]} Qc7 {[%clk 0:14:36]}
9. a4 {[%clk 0:15:55]} h5 {[%clk 0:13:54]} 10. h4 {[%clk 0:15:48]} Ne5
{[%clk 0:13:42]} 11. Nh3 {[%clk 0:15:19]} Nfg4 {[%clk 0:13:33]} 12. Qe2
{[%clk 0:15:04]} Ng6 {[%clk 0:12:11]} 13. Nc4 {[%clk 0:13:35]} Nxh4
{[%clk 0:09:00]} 14. f3 {[%clk 0:08:29]} Qxg3 {[%clk 0:07:27]} 15. fxg4
{[%clk 0:07:38]} hxg4 {[%clk 0:07:36]} 16. Nf4 {[%clk 0:04:55]} g5
{[%clk 0:05:56]} 17. Ne5 {[%clk 0:03:37]} gxf4 {[%clk 0:05:26]} 18. Bxf4
{[%clk 0:03:42]} Qxg2+ {[%clk 0:05:15]} 19. Qxg2 {[%clk 0:03:50]} Nxg2
{[%clk 0:05:24]} 20. Kxg2 {[%clk 0:03:59]} Rg8 {[%clk 0:05:22]} 21. Nc4
{[%clk 0:03:16]} f6 {[%clk 0:05:13]} 22. e5 {[%clk 0:03:24]} f5 {[%clk 0:05:15]}
23. Rh1 {[%clk 0:03:28]} b6 {[%clk 0:04:28]} 24. Kg3 {[%clk 0:03:30]} Bb7
{[%clk 0:04:20]} 25. Rh7 {[%clk 0:03:17]} Kd7 {[%clk 0:04:28]} 26. a5
{[%clk 0:02:43]} Rh8 {[%clk 0:04:13]} 27. Rxh8 {[%clk 0:01:45]} Rxh8
{[%clk 0:04:21]} 28. axb6 {[%clk 0:01:33]} Bh4+ {[%clk 0:04:04]} 0-1